000 00428nam a22001457a 4500
003 SGT
082 _a617.84
_bC24U
100 _aUPADHYAY, HETASHRI
245 _aA COMPARATIVE STUDY OF GENERAL POWER TRAINING VS POLYMETRIC TRAINING ON ELECTROMYOGRAPHICAL FITNESS AND PHYSIOLOGICAL PARAMETERS IN ATHLETES
260 _aGURUGRAM
_bSGT UNIVERSITY
_c2024
300 _a167
650 _aSPORTS
653 _aMPT
942 _2ddc
_cTH
999 _c32197
_d32197